000 00777nas a2200277 4500
001 BR0205049
003 BR-BrBNA
005 20231205103306.0
007 ta
008 230509b bl.|||p| |||| 00| 00por d
040 _aBR-BrBNA
_bpor
_cBiblioteca Nacional de Agricultura
041 _a(Pt)
072 _aH60
100 1 _aWerlang, R.C.
100 1 _aSilva, A.A.
245 1 _aInteração de glyphosate com carfentrazone-ethyl
650 _aERVA DANINHA
650 _aHERBICIDA
650 _aMISTURA DE FERTILIZANTE
650 _aTANQUE
650 _aANTAGONISMO
650 _aSINERGISMO
773 0 _tPlanta Daninha (Brazil)
_xISSN 0100-8358
_g(Jan-Apr 2002), v. 20(1) p. 93-102
_wBR0205049
909 _a202311
_bLúcia
_c55
_dLúcia Elande
942 _2AGRIS
_n0
_cANA
999 _c172108
_d172108